| 000 | 01163nam a2200265Ia 4500 | ||
|---|---|---|---|
| 003 | OSt | ||
| 005 | 20220923211413.0 | ||
| 006 | a|||||r|||| 00| 0 | ||
| 007 | ta | ||
| 008 | 220922b |||||||| |||| 00| 0 hin d | ||
| 020 |
_a9788190722322 (hbk) _c250 |
||
| 024 | _a285,467 | ||
| 037 |
_b414, 12/03/2015, Vidyanidhi Prakashan _cTextual |
||
| 040 |
_aARTS _cARTS _bhin |
||
| 041 |
_2hin _ahin |
||
| 082 | _aO15,2:g(NT), 152Q0 | ||
| 100 | _aठाकुर, प्रभात सिंह | ||
| 245 | 0 | _aसंस्कृत के प्रमुख नाटकों की कथावस्तु का नाट्य - शास्त्रीय परिशीलन | |
| 246 | _aSanskṛut ke pramukh nāṭakoan kī kathāvastu kā nāṭya - shāstrīya parishīlana | ||
| 260 |
_aदिल्ली _b श्री कृष्ण साहित्य सदन _c2010 |
||
| 300 |
_a101पृ. _ccm. |
||
| 650 | _aसंस्कृत साहित्य | ||
| 942 |
_hO15,2:g(NT), 152Q0 _cTEXL _2CC |
||
| 999 |
_c299163 _d299163 |
||